L'Uruguay et sa nouvelle constitution / (Record no. 62780)
[ view plain ]
| 000 -LEADER | |
|---|---|
| campo de control de longitud fija | 00486nam a2200157 i 4500 |
| 001 - NÚMERO DE CONTROL | |
| campo de control | 62780 |
| 003 - IDENTIFICADOR DE NÚMERO DE CONTROL | |
| campo de control | ES-MaACL |
| 005 - FECHA Y HORA DE LA ÚLTIMA TRANSACCIÓN | |
| campo de control | 20230906164728.0 |
| 007 - CAMPO FIJO DE DESCRIPCIÓN FÍSICA--INFORMACIÓN GENERAL | |
| campo de control de longitud fija | t| |
| 008 - DATOS DE LONGITUD FIJA--INFORMACIÓN GENERAL | |
| campo de control de longitud fija | 031125s1921 sp ||||1| fre d |
| 100 1# - ENTRADA PRINCIPAL--NOMBRE DE PERSONA | |
| Nombre de persona | Fernández y Medina, Benjamín. |
| 9 (RLIN) | 50186 |
| 245 12 - MENCIÓN DEL TÍTULO | |
| Título | L'Uruguay et sa nouvelle constitution / |
| Mención de responsabilidad, etc. | Benjamín Fernández y Medina ; [traduction de J. Sarrailh]. |
| 260 ## - PUBLICACIÓN, DISTRIBUCIÓN, ETC. | |
| Lugar de publicación, distribución, etc. | Madrid : |
| Nombre del editor, distribuidor, etc. | P. Orier, |
| Fecha de publicación, distribución, etc. | [1921] |
| 700 1# - ENTRADA AGREGADA--NOMBRE PERSONAL | |
| Nombre de persona | Sarrailh, Jean. |
| 9 (RLIN) | 103846 |
| 852 ## - LOCALIZACIÓN | |
| Ubicación | ES-MaACL |
| Número de control de estantería | 1603-F-2 |
| Estatus retirado | Estado de pérdida | Estado de daño | No para préstamo | Colección | Biblioteca de origen | Biblioteca actual | Ubicación en estantería | Fecha de adquisición | Fuente de adquisición | Total de préstamos | Signatura topográfica completa | Código de barras | Visto por última vez | Precio de reemplazo | Tipo de ítem Koha |
|---|---|---|---|---|---|---|---|---|---|---|---|---|---|---|---|
| Colección de folletos | Biblioteca del Ateneo de Madrid | Biblioteca del Ateneo de Madrid | Depósito folletos | 17/01/2008 | 1603-F-2 | 1065811 | 23/02/2023 | 23/02/2023 | Folleto |
